Mr. Winthrop's vote on the war bill.

Bibliographic Details
Format: Microform Book
Language:English
Published: [Boston?] : Eastburn's Press, [1846?]
Series:Pamphlets in American history. Mexican War, 1846-1848 ; MW 3.
Subjects:

MARC

Tag First Indicator Second Indicator Subfields
LEADER 00000cam a2200000ui 4500
001 in00001028530
005 20150928120549.0
007 he am||||b|||
008 800724r19801846ncu b 0000 eng d
035 |a (OCoLC)16096452 
035 |9 AFF6600AM 
037 |a CL0104500003  |b University Microfilms International 
037 |b University Microfilms International, 300 N. Zeeb Rd., Ann Arbor, MI 48106 
040 |a UMI  |c UMI  |d m.c.  |d TXA  |d UtOrBLW 
043 |a n-us--- 
049 |a TXAI 
099 |a fiche  |a C  |a 13761 
245 0 0 |a Mr. Winthrop's vote on the war bill. 
264 1 |a [Boston?] :  |b Eastburn's Press,  |c [1846?] 
300 |a 12 pages ;  |c 22 cm. 
336 |a text  |b txt  |2 rdacontent 
337 |a microform  |b h  |2 rdamedia 
338 |a microfiche  |b he  |2 rdacarrier 
533 |a Microfiche.  |b Sanford, N.C. :  |c Microfilming Corp. of America,  |d 1980.  |e 1 microfiche ; 11 x 15 cm.  |f (Pamphlets in American history : Mexican War, 1846-1848 ; MW 3) 
500 |a Microform. 
600 1 0 |a Winthrop, Robert C.  |q (Robert Charles),  |d 1809-1894. 
651 0 |a United States  |x Politics and government  |y 1845-1849. 
830 0 |a Pamphlets in American history.  |p Mexican War, 1846-1848 ;  |v MW 3. 
999 |a MARS 
999 f f |s 0772aab3-3f0a-3caa-8085-35fcc912ed8e  |i 328fec7b-4bde-3429-bc19-f4912c417ce7  |t 0 
952 f f |p default  |a Texas A&M University  |b College Station  |c Sterling C. Evans Library  |d Evans: Microforms (3rd floor)  |t 0  |e fiche C 13761  |h Other scheme  |i microform -- microfiche 
998 f f |a fiche C 13761  |t 0  |l Evans: Microforms (3rd floor)